|
|
|
|
| LEADER |
01651nam a2200409Ia 4500 |
| 001 |
EBC997572 |
| 003 |
MiAaPQ |
| 005 |
20200520144314.0 |
| 006 |
m o d | |
| 007 |
cr cn||||||||| |
| 008 |
120316s2012 mdub sb 001 0 eng d |
| 010 |
|
|
|z 2012011440
|
| 020 |
|
|
|z 9780739137840 (cloth : alk. paper)
|
| 020 |
|
|
|z 0739137840 (cloth : alk. paper)
|
| 020 |
|
|
|a 9780739137864 (electronic bk.)
|
| 020 |
|
|
|a 0739137867 (electronic bk.)
|
| 035 |
|
|
|a (MiAaPQ)EBC997572
|
| 035 |
|
|
|a (Au-PeEL)EBL997572
|
| 035 |
|
|
|a (CaPaEBR)ebr10603306
|
| 035 |
|
|
|a (CaONFJC)MIL386125
|
| 035 |
|
|
|a (OCoLC)811563593
|
| 040 |
|
|
|a MiAaPQ
|c MiAaPQ
|d MiAaPQ
|
| 050 |
|
4 |
|a HD6218.3
|b .S65 2012
|
| 082 |
0 |
4 |
|a 331.48165109667
|2 23
|
| 100 |
1 |
|
|a Smith, Beatrice Quarshie,
|d 1958-
|
| 245 |
1 |
0 |
|a Reading and writing in the global workplace
|h [electronic resource] :
|b gender, literacy, and outsourcing in Ghana /
|c Beatrice Quarshie Smith.
|
| 260 |
|
|
|a Lanham, Md. :
|b Lexington Books,
|c c2012.
|
| 300 |
|
|
|a xxi, 207 p. :
|b map.
|
| 504 |
|
|
|a Includes bibliographical references and index.
|
| 533 |
|
|
|a Electronic reproduction. Ann Arbor, MI : ProQuest, 2015. Available via World Wide Web. Access may be limited to ProQuest affiliated libraries.
|
| 650 |
|
0 |
|a Women
|x Employment
|x Effect of technological innovations on
|z Ghana.
|
| 650 |
|
0 |
|a Offshore outsourcing
|z Ghana.
|
| 650 |
|
0 |
|a Information technology
|x Economic aspects
|z Ghana.
|
| 650 |
|
0 |
|a Globalization
|x Economic aspects
|z Ghana.
|
| 655 |
|
4 |
|a Electronic books.
|
| 710 |
2 |
|
|a ProQuest (Firm)
|
| 856 |
4 |
0 |
|u https://ebookcentral.proquest.com/lib/matrademy/detail.action?docID=997572
|z Click to View
|